Lady Gaga Songs Quiz - updated - Statistics

General Stats
  • This quiz has been taken 188 times
  • The average score is 64 of 103
Answer Stats
Album Song % Correct
The Fame Paparazzi
95%
The Fame Monster Bad Romance
94%
The Fame Poker Face
94%
Born This Way Born This Way
92%
The Fame LoveGame
89%
Mayhem Abracadabra
86%
Mayhem Disease
84%
The Fame Monster Alejandro
83%
Artpop Applause
83%
Born This Way Judas
83%
The Fame Just Dance
83%
Mayhem Garden Of Eden
81%
Artpop G.U.Y.
81%
The Fame Monster Telephone
81%
Artpop Artpop
79%
Artpop Aura
79%
Mayhem Die With A Smile
78%
Born This Way Marry the Night
78%
Artpop Venus
78%
Joanne Joanne
76%
Mayhem Perfect Celebrity
76%
The Fame Summerboy
76%
The Fame Boys Boys Boys
75%
Born This Way Hair
75%
The Fame The Fame
75%
Mayhem Killah
73%
Joanne Million Reasons
73%
Chromatica Rain On Me
73%
Mayhem - Bonus Tracks The Dead Dance
73%
Mayhem Vanish Into You
73%
Mayhem Zombieboy
73%
The Fame Monster Dance in the Dark
71%
Mayhem Don't Call Tonight
71%
Born This Way The Edge of Glory
71%
The Fame Beautiful, Dirty, Rich
70%
Mayhem Blade Of Grass
70%
The Fame Monster Monster
70%
Chromatica 911
68%
Born This Way Scheiße
68%
Mayhem Shadow Of A Man
68%
The Fame Monster Speechless
68%
The Fame Monster Teeth
68%
Joanne Perfect Illusion
67%
The Fame Eh, Eh (Nothing Else I Can Say)
65%
Mayhem How Bad Do U Want Me
65%
Mayhem LoveDrug
65%
Mayhem The Beast
65%
The Fame Brown Eyes
63%
Born This Way Government Hooker
63%
Joanne John Wayne
63%
Born This Way Bloody Mary
62%
Artpop Fashion!
62%
Chromatica Stupid Love
62%
Mayhem - Bonus Tracks Can't Stop the High
60%
Artpop Gypsy
60%
Mayhem - Bonus Tracks Kill For Love
60%
Chromatica Sour Candy
60%
The Fame Starstruck
60%
Artpop Swine
60%
Chromatica Alice
59%
Born This Way Americano
59%
Chromatica Babylon
59%
Artpop Donatella
59%
The Fame Monster So Happy I Could Die
59%
Born This Way (bonus track) Black Jesus + Amen Fashion
57%
Artpop Mary Jane Holland
57%
Born This Way Yoü and I
57%
Artpop Sexxx Dreams
56%
Joanne A-Yo
54%
Chromatica Chromatica I
54%
Chromatica Chromatica II
54%
The Fame (bonus track) Disco Heaven
54%
Chromatica Replay
54%
Born This Way Bad Kids
52%
Chromatica Chromatica III
52%
Joanne Diamond Heart
52%
Artpop Dope
52%
Artpop Jewels n' Drugs
52%
The Fame Paper Gangsta
52%
Chromatica Sine From Above
52%
Artpop Manicure
51%
The Fame Money Honey
51%
Joanne Dancin' in Circles
49%
Born This Way Electric Chapel
49%
Born This Way (bonus track) Fashion of His Love
49%
Born This Way Heavy Metal Lover
49%
Born This Way Highway Unicorn (Road to Love)
49%
Chromatica 1000 Doves
48%
Joanne Angel Down
48%
The Fame I Like it Rough
48%
Joanne Hey Girl
46%
Chromatica Free Woman
44%
Born This Way (bonus track) The Queen
44%
Chromatica Fun Tonight
41%
Joanne Come to Mama
40%
Chromatica Plastic Doll
40%
Chromatica Enigma
38%
Joanne - Bonus Tracks Grigio Girls
37%
Joanne Sinner's Prayer
37%
Joanne - Bonus Tracks Just Another Day
33%
The Fame (bonus track - Japan) Retro, Dance, Freak
27%
The Fame (international) Again Again
24%
The Fame (USB edition) Christmas Tree
11%
No matching quizzes found
Score Distribution
Percent of People with Each Score
Percentile by Number Answered
Your Score History
You have not taken this quiz